| 000 | 01034nam a2200169 a 4500 | ||
|---|---|---|---|
| 005 | 20250905170511.0 | ||
| 008 | 250905s2025##################000#0#eng## | ||
| 020 | _a9780120663200 | ||
| 082 | 0 | 4 |
_a543.0877 _bATT |
| 100 | _a Atta-ur Rahman | ||
| 245 | 1 | 0 |
_aSolving Problems With Nmr Spectroscopy _cAtta-ur Rahman , Muhammad Iqbal Choudhary |
| 260 |
_aNew Delhi _bAcademic Press Inc _c1996 |
||
| 300 | _a430p | ||
| 520 | _aSolving Problems with NMR Spectroscopy presents the basic principles and applications of NMR spectroscopy with only as much math as is necessary. It shows how to solve chemical structures with NMR by giving clear examples and solutions. This text will enable organic chemistry students to choose the most appropriate NMR techniques to solve specific structures. The problems to work and the discussion of their solutions and interpretations will help readers become proficient in the application of important, modern 1D and 2D NMR techniques to structural studies. | ||
| 650 | _aChemistry | ||
| 942 | _cENGLISH | ||
| 999 |
_c585494 _d585494 |
||